00465nam a2200145Ia 4500020001800000082001900018100002100037245006800058260002800126504004300154650003000197650004000227650003700267650001500304 a81-89884-00-X a954.0358 SIN-S aSinha, Mrinalini 0aSpecters of Mother India: the global restructuring of an empire aNew DelhibZubaanc2006 aincludes bibliography, index and notes aHistoryzIndiaz1925-1935 aIndiavSocial conditionsz1925-1935 aWomenvHistoryzIndiaz1925-1935 aSharda Act